Дворовые и внутриквартальные сады

Библиографические подробности
Главный автор: Малько И. М. Иван Матвеевич
Язык:русский
Опубликовано: Ленинград-Москва, Стройиздат, 1965
Предметы:
Формат: Книга
Запись в KOHA:https://koha.lib.tpu.ru/cgi-bin/koha/opac-detail.pl?biblionumber=91911

MARC

LEADER 00000nam0a2200000 4500
001 91911
005 20231031104351.0
035 |a (RuTPU)RU\TPU\book\98503 
090 |a 91911 
100 |a 20060303d1965 m y0rusy50 ca 
101 0 |a rus 
102 |a RU 
105 |a a z 000zy 
200 1 |a Дворовые и внутриквартальные сады  |f И. М. Малько 
210 |a Ленинград-Москва  |c Стройиздат  |d 1965 
215 |a 77 с.  |c черт. 
610 1 |a сады 
610 1 |a дворовые сады 
610 1 |a озеленение 
610 1 |a газоны 
610 1 |a цветочное оформление 
610 1 |a кустарники 
675 |a 712  |v 3 
700 1 |a Малько  |b И. М.  |g Иван Матвеевич 
801 1 |a RU  |b 63413507  |c 20060303  |g PSBO 
801 2 |a RU  |b 63413507  |c 20060310  |g PSBO 
942 |c BK